Ochrana Európskej únie pred hospodárskym nátlakom tretích krajín: význam, motívy a problémy diplomová práca

Guardado en:
Detalles Bibliográficos
Autor principal: Fajmonová, Barbora
Autor Corporativo: Obchodná fakulta EU. Katedra medzinárodného obchodu
Otros Autores: Kittová, Zuzana, 1975-
Formato: Libro
Lenguaje:eslovaco
Publicado: Bratislava 2025
Etiquetas: Agregar Etiqueta
Sin Etiquetas, Sea el primero en etiquetar este registro!

MARC

LEADER 00000nbm a2200000 4500
001 0310228
005 20251110132530.0
041 0 |a slo 
044 |a SK 
245 1 0 |a Ochrana Európskej únie pred hospodárskym nátlakom tretích krajín: význam, motívy a problémy  |b diplomová práca  |c Barbora Fajmonová ; školiteľ: Zuzana Kittová 
264 1 |a Bratislava  |c 2025 
300 |a 90 s. 
100 1 |a Fajmonová, Barbora 
700 1 |a Kittová, Zuzana, 1975- 
710 2 |a Obchodná fakulta EU. Katedra medzinárodného obchodu